SANGGUPKAH BERSABAR, Sayang? / (Record no. 180003)

MARC details
000 -LEADER
fixed length control field 01159nam a2200373 i 4500
001 - CONTROL NUMBER
control field vtls000828737
003 - CONTROL NUMBER IDENTIFIER
control field PNM
005 - DATE AND TIME OF LATEST TRANSACTION
control field 20201118172815.0
008 - FIXED-LENGTH DATA ELEMENTS--GENERAL INFORMATION
fixed length control field 170527s2017 my g 000 f may
015 ## - NATIONAL BIBLIOGRAPHY NUMBER
National bibliography number M18-13899
020 ## - INTERNATIONAL STANDARD BOOK NUMBER
International Standard Book Number 9789674690373
Qualifying information paperback
Terms of availability RM22.00
039 #9 - LEVEL OF BIBLIOGRAPHIC CONTROL AND CODING DETAIL [OBSOLETE]
Level of rules in bibliographic description 201901111321
Level of effort used to assign nonsubject heading access points siti
Level of effort used to assign subject headings 201812111301
Level of effort used to assign classification raihan
Level of effort used to assign subject headings 201811161627
Level of effort used to assign classification maznah_m
Level of effort used to assign subject headings 201810311226
Level of effort used to assign classification ety
040 ## - CATALOGING SOURCE
Original cataloging agency BNM
Language of cataloging eng
Transcribing agency BNM
Modifying agency PNM
-- BNM
-- PPAK
Description conventions rda
049 ## - LOCAL HOLDINGS (OCLC)
Holding library klpmal
082 04 - DEWEY DECIMAL CLASSIFICATION NUMBER
Classification number 899.2333
Edition number 23
090 00 - LOCALLY ASSIGNED LC-TYPE CALL NUMBER (OCLC); LOCAL CALL NUMBER (RLIN)
Classification number (OCLC) (R) ; Classification number, CALL (RLIN) (NR) 899.2333
Feature heading REH
Feature heading G
100 0# - MAIN ENTRY--PERSONAL NAME
Personal name Rehan Makhtar,
Dates associated with a name 1985-
Relator term author.
245 10 - TITLE STATEMENT
Title SANGGUPKAH BERSABAR, Sayang? /
Statement of responsibility, etc. Rehan Makhtar
264 #1 - PRODUCTION, PUBLICATION, DISTRIBUTION, MANUFACTURE, AND COPYRIGHT NOTICE
Place of production, publication, distribution, manufacture Bandar Tun Hussein Onn, Selangor :
Name of producer, publisher, distributor, manufacturer PENERBITAN KARYASENI SDN. BHD.,
Date of production, publication, distribution, manufacture, or copyright notice 2017
300 ## - PHYSICAL DESCRIPTION
Extent iii, 504 pages ;
Dimensions 19 cm
336 ## - CONTENT TYPE
Content type term text
Source rdacontent
337 ## - MEDIA TYPE
Media type term unmediated
Source rdamedia
338 ## - CARRIER TYPE
Carrier type term volume
Source rdacarrier
650 14 - SUBJECT ADDED ENTRY--TOPICAL TERM
Topical term or geographic name entry element Malaysian fiction (Malay).
Topical term or geographic name entry element Malay fiction.
942 ## - ADDED ENTRY ELEMENTS (KOHA)
Source of classification or shelving scheme Dewey Decimal Classification
Koha item type Book
949 ## - LOCAL PROCESSING INFORMATION (OCLC)
6 2000666614
a REH M
6 2000666613
a REH M
6 2000666612
a REH M
6 1001366152
6 1001366149
6 1001366150
6 1001366151
s 6700:20200313
Holdings
Withdrawn Not for loan Current library Shelving location Date acquired Full call number Barcode Date last seen Koha item type
    T-PD26, Kg. Lubuk Batu, Jitra Pinjaman Dewasa 25/11/2020 899.2333 REH A00740002 25/11/2020 Book